Formula 1 2021 - Statistics

General Stats
  • This quiz has been taken 90 times
  • The average score is 12 of 16
Answer Stats
Hint Answer % Correct
Who is Drivers World Champion? Max Verstappen
100%
Who is Constructors World Champion? Mercedes
100%
Which team got the only 1-2? McLaren
93%
When was the Championship decider? Abu Dhabi
91%
The new name of Racing Point: Aston Martin
91%
How many drivers got a podium at their home race? 3
89%
Who is a new Grand Prix winner? Esteban Ocon
89%
Name a rookie Mick Schumacher / Nikita Mazepin / Yuki Tsunoda
89%
And where? Monza
89%
Imagine you get pole but can't start the race :( Who are you Charles Leclerc
86%
in which lap (question above) 58
82%
Which race was the shortest race ever? Belgium
66%
Who replaced Kimi Raikkonen at Zandvoortand Monza? Robert Kubica
61%
Hoe many ICE had Valtteri Bottas 6
55%
Who is the only to win a race with twoteams in the Hybrid Era? Sergio Perez
51%
Which record broke Max Verstappen Most Podiums in a season (18)
11%
No matching quizzes found
Score Distribution
Percent of People with Each Score
Percentile by Number Answered
Your Score History
You have not taken this quiz